Turismo social
Gorde:
| Egile nagusia: | |
|---|---|
| Formatua: | Liburua |
| Hizkuntza: | gaztelania |
| Argitaratua: |
Ciudad de México
Trillas
1991
|
| Saila: | Trillas Turismo
|
| Gaiak: | |
| Etiketak: |
Etiketa erantsi
Etiketarik gabe, Izan zaitez lehena erregistro honi etiketa jartzen!
|
MARC
| LEADER | 00000nam a2200000 a 4500 | ||
|---|---|---|---|
| 001 | UCN7725 | ||
| 003 | CL-VaPUC | ||
| 008 | 011026e19910000MX |||||||||||||||||spa|d | ||
| 020 | |a 9682435765 | ||
| 082 | 0 | 4 | |a 338.4791 |b HAU |2 21 |
| 100 | 0 | |a Haulot, Arthur |e author |9 463743 | |
| 245 | 1 | 0 | |a Turismo social |
| 300 | |a 182 p | ||
| 942 | |c BK | ||
| 945 | |d 20011026 00:00:00 |a vberengu | ||
| 260 | |a Ciudad de México |b Trillas |c 1991 | ||
| 650 | 0 | |a Turismo |9 308920 | |
| 650 | 0 | |a Industria turística |9 347913 | |
| 650 | 0 | |a Actividades de tiempo libre |9 334349 | |
| 650 | 0 | |a Vacaciones |9 548460 | |
| 650 | 0 | |a Turismo y cultura |9 463746 | |
| 651 | 7 | |a MOSCU |2 CL-VaPUC |9 341261 | |
| 583 | |a last modification |c 20170829 04:19:22 |k Rodrigo Vera | ||
| 490 | 0 | |a Trillas Turismo | |
| 999 | |c 297936 |d 297934 | ||
| 952 | |0 0 |1 0 |4 0 |6 338_479100000000000_HAU_1991 |7 0 |8 A |9 352992 |a BIBING |b BIBING |d 2019-11-21 |i 3768414 |o 338.4791 HAU 1991 |p 3768414 |r 2025-01-20 |w 2019-11-21 |y BK |k GEO | ||